Представление документа в формате MARC21

Поле Инд. ПП Название Значение
Тип записи a
Библиографический уровень b
001 Контрольный номер RU/IS/BASE/417195702
005 Дата корректировки 20201113181010.8
008 Кодируемые данные 20130321
084 a Индекс другой классификации/Индекс ББК 88.413-38
100 1_ a Автор Смирнова Е. О.
q Полное имя Смирнова Елена Олеговна
245 10 a Заглавие Сюжетная игра как фактор становления межличностных отношений дошкольников
504 a Библиография Лит. в конце статьи
520 0_ a Аннотация Представлено экспериментальное исследование, направленное на выявление связи игровой деятельности и межличностных отношений дошкольников. Задача состояла в сравнительном анализе играющих и неиграющих дошкольников. Для выявления характера общения и межличностных отношений детей использовались метод наблюдения и три проективные методики. В исследовании участвовали дети 5 - 6 лет. Сравнительный анализ результатов показал преимущество играющих детей по всем показателям отношения к сверстникам. Автор делает вывод, что наиболее очевидным и естественным методом формирования коммуникативных способностей и эмоциональной отзывчивости является создание благоприятных условий для свободной совместной сюжетной игры дошкольников.
650 04 a Основная рубрика детская психология
a Основная рубрика психология
a Основная рубрика возрастная психология
a Основная рубрика психология поведения
653 0_ a Ключевые слова восприятие сверстников
a Ключевые слова дошкольники
a Ключевые слова игра
a Ключевые слова интеллект
a Ключевые слова коммуникативные способности
a Ключевые слова межличностные отношения
a Ключевые слова мышление
a Ключевые слова общение
a Ключевые слова познавательные потребности
a Ключевые слова психическое развитие
a Ключевые слова психология деятельности
a Ключевые слова психология развития
a Ключевые слова психофизиология
a Ключевые слова развитие способностей
a Ключевые слова социальные установки
a Ключевые слова сюжетная игра
a Ключевые слова творчество
a Ключевые слова эмоциональная отзывчивость
773 18 t Заглавие источника Культурно-историческая психология
d Дата издания источника 2011
g Прочая информация № 4. - С. 2 - 8 : диагр.
w Контрольный № источника RU/IS/BASE/386267082
901 t Тип документа b